Statistics for A NONbiased Trump& Biden quiz

Click here to take the quiz!

General Stats

  • This quiz has been taken 73 times
    (40 since last reset)
  • The average score is 8 of 10

Answer Stats

Answer% Correct
How many children does Biden have?3
94%
How many children does Trump have?5
94%
How old is Trump?74
92%
How old is Biden?78
92%
Who is Biden's vice president?Kamala Harris
89%
Did Trump win a Muhammad Ali Entrepreneur Award?Yes
89%
Did Trump win the Wounded Warrior Prodject Award?Yes
89%
Does Biden have a dog?Yes
89%
Trump's birthdayJune 14
28%
Biden's birthdayNovember 20
17%

Score Distribution

Percentile by Number Answered

Percent of People with Each Score

Your Score History

You have not taken this quiz since the last reset